| 000 | 00936nam a2200289 a 4500 | ||
|---|---|---|---|
| 001 | 77338 | ||
| 003 | BD-RjUL | ||
| 005 | 20211209082948.0 | ||
| 008 | 200315s1968 enkabcf b 000 0beng d | ||
| 035 | _aOCLC ocm00039491 from D960506M | ||
| 035 | _a(BD-RjUL)77563 | ||
| 040 |
_aDLC _cDLC _dUKM _dEQO _dBD-RjUL _beng |
||
| 041 | _aeng | ||
| 082 |
_223 _a821.7 _bMOW 1968 |
||
| 100 | 1 |
_aMoorman, Mary Trevelyan, _d1905- _9240921 |
|
| 245 | 1 | 0 |
_aWilliam Wordsworth : _ba biography / _cby Mary Moorman. |
| 260 |
_aLondon : _bOxford University Press, _c1968. |
||
| 300 |
_a386 : _bill. _c21 cm. |
||
| 490 | 1 |
_aOxford paperbacks ; _v145, 146 |
|
| 504 | _aIncludes bibliographical footnotes. | ||
| 600 | 1 | 0 |
_aWordsworth, William, _d1770-1850. _9240927 |
| 650 | 0 |
_aPoets, English _y19th century _vBiography. _9240923 |
|
| 830 | 0 |
_aOxford paperbacks ; _v145, 146. _9240928 |
|
| 942 |
_2ddc _cBK |
||
| 999 |
_c77338 _d77338 |
||